ARRUPE JESUIT UNIVERSITY

CORONAVIRUS -STOP THE SPREAD - CLEAN,DISINFECT,COVER

Wagner : (Record no. 118427)

MARC details
000 -LEADER
fixed length control field 01134cam a2200313 a 4500
001 - CONTROL NUMBER
control field 11839615
003 - CONTROL NUMBER IDENTIFIER
control field ARRUPE
005 - DATE AND TIME OF LATEST TRANSACTION
control field 20131023170011.0
008 - FIXED-LENGTH DATA ELEMENTS--GENERAL INFORMATION
fixed length control field 990330s1999 onc b 001 0 eng d
010 ## - LIBRARY OF CONGRESS CONTROL NUMBER
LC control number 99478490
015 ## - NATIONAL BIBLIOGRAPHY NUMBER
National bibliography number C99-930974-9
020 ## - INTERNATIONAL STANDARD BOOK NUMBER
International Standard Book Number 0802047211 (bound) :
Terms of availability $25.00
020 ## - INTERNATIONAL STANDARD BOOK NUMBER
International Standard Book Number 0802082912 (pbk.) :
Terms of availability $12.95
035 ## - SYSTEM CONTROL NUMBER
System control number (OCoLC)ocm41347257
040 ## - CATALOGING SOURCE
Original cataloging agency CaOTU
Language of cataloging eng
Transcribing agency NLC
Modifying agency TJC
-- DLC
042 ## - AUTHENTICATION CODE
Authentication code lccopycat
050 00 - LIBRARY OF CONGRESS CALL NUMBER
Classification number ML410.W13
Item number L44 1999
082 00 - DEWEY DECIMAL CLASSIFICATION NUMBER
Classification number 782.1/092
Edition number 21
300 ## - PHYSICAL DESCRIPTION
Dimensions 22 cm.
100 1# - MAIN ENTRY--PERSONAL NAME
Personal name Lee, M. Owen,
Dates associated with a name 1930-
9 (RLIN) 2852
245 10 - TITLE STATEMENT
Title Wagner :
Remainder of title the terrible man and his truthful art /
Statement of responsibility, etc M. Owen Lee.
260 ## - PUBLICATION, DISTRIBUTION, ETC. (IMPRINT)
Place of publication, distribution, etc Toronto :
Name of publisher, distributor, etc University of Toronto Press,
Date of publication, distribution, etc c1999.
300 ## - PHYSICAL DESCRIPTION
Extent x, 102 p. ;
500 ## - GENERAL NOTE
General note "The 1998 Larkin-Stuart lectures."
504 ## - BIBLIOGRAPHY, ETC. NOTE
Bibliography, etc Includes bibliographical references (p. [94]-98) and index.
600 10 - SUBJECT ADDED ENTRY--PERSONAL NAME
Personal name Wagner, Richard,
Dates associated with a name 1813-1883
General subdivision Criticism and interpretation.
9 (RLIN) 2853
906 ## - LOCAL DATA ELEMENT F, LDF (RLIN)
a 7
b cbc
c copycat
d 2
e ncip
f 19
g y-genmusic
942 ## - ADDED ENTRY ELEMENTS (KOHA)
Source of classification or shelving scheme Library of Congress Classification
Koha item type Monograph ( Printed materials)
Holdings
Withdrawn status Lost status Source of classification or shelving scheme Damaged status Not for loan Home library Current library Date acquired Total Checkouts Full call number Barcode Date last seen Price effective from Koha item type
    Library of Congress Classification     ARRUPE LIBRARY ARRUPE LIBRARY 23/10/2013   ML410.W13 L47 1999 46411592 03/07/2018 23/10/2013 Monograph ( Printed materials)

 

Arrupe Library. PO Box MP320 Mt Pleasant, Harare, Zimbabwe
263 242 745411|librarian@aju.ac.zw